| 000 | 01223nam a22003137i 4500 | ||
|---|---|---|---|
| 999 |
_c23104 _d23104 |
||
| 003 | AR-CdUCM | ||
| 008 | 241031b20232023 pe||||| |||| 00| 0 spa d | ||
| 020 | _a978-612-49048-6-8 | ||
| 040 |
_aMUNICIPALIDAD PROVINCIAL DEL CUSCO _cBIBLIOTECA MUNICIPAL DEL CUSCO |
||
| 041 | _hspa | ||
| 082 |
_a001.42 / C92 _bC92 |
||
| 100 |
_aCruz Chuyma, Roxana _950753 |
||
| 245 | _aTrucos y secretos de la praxis cuantitativa / | ||
| 260 |
_aCusco : _bAtenea Editoras. _c2023 |
||
| 300 |
_a100 páginas. : _c24 cm |
||
| 500 | _zBibliografía: páginas 99 - 100 | ||
| 505 | _aCompresión o vinculación -- Alineamiento epistémico -- Sentido del entendimiento -- Posición de la variable de interés -- Revisión de la literatura -- El arte de operacionalizar las variables -- Diseños de investigación -- Prueba de hipótesis | ||
| 650 |
_aPraxis _920518 |
||
| 650 |
_aCualitativa _941583 |
||
| 650 |
_aCompresión _950754 |
||
| 650 |
_aEstudios _919800 |
||
| 650 |
_aVariables _96327 |
||
| 650 |
_aInterés _917009 |
||
| 700 |
_aGuillén Guillén, Elsa Noemi _950757 |
||
| 700 |
_aQuispe Berríos, Haydeé _950758 |
||
| 700 |
_aAceituno Huacani, Carlos _949619 |
||
| 942 |
_2ddc _cLIBROS |
||
| 945 |
_apbj _d30-10-2024 |
||